| 000 | 01321nam a22003137a 4500 | ||
|---|---|---|---|
| 003 | OSt | ||
| 005 | 20250124222113.0 | ||
| 008 | 250106b ||||| |||| 00| 0 eng d | ||
| 040 |
_bEnglish. _cCvSU-CCAT Campus Library. _erda. |
||
| 050 |
_aUM TX 911.3.M27 _bF37 2018 |
||
| 245 |
_aFeasibility study of establishing Kusina De Parilla at Ibayo Silangan, Naic, Cavite / _cMarilyn D. Banzon [and three others]. |
||
| 260 |
_aRosario, Cavite : _bCavite State University-CCAT Campus, _c2018. |
||
| 300 |
_aviii, 41 leaves : _billustrations ; _c28 cm |
||
| 500 | _aUndergraduate Feasibility Study (BSHRM)--Cavite State University-CCAT Campus, 2018. | ||
| 504 | _aIncludes bibliographical references and appendices. | ||
| 520 | _aThesis Abstract: | ||
| 546 | _aIn English text. | ||
| 650 |
_aFeasibility study. _91248 |
||
| 650 |
_aRestaurant management. _957 |
||
| 650 |
_aSensory evaluation. _913653 |
||
| 650 |
_aGrilled foods. _913811 |
||
| 700 |
_aCerrero, Zaira Mae M., author. _913812 |
||
| 700 |
_aEspedido, Mark John A., author. _913813 |
||
| 700 |
_aMonreal, Marklley Kherubim P., author. _913814 |
||
| 700 |
_aAbueg, Marvin Jay B., adviser. _913889 |
||
| 700 |
_aMary Grace E. Gonzales, technical critic. _913917 |
||
| 942 |
_2lcc _cT/M/D _hTX 911.3.M27 F37 2018 _kUM |
||
| 999 |
_c3720 _d3720 |
||